000 00666nam a2200241Ia 4500
003 OSt
005 20220926033913.0
006 a|||||r|||| 00| 0
007 ta
008 220923b |||||||| |||| 00| 0 eng d
037 _cGeneral Book
040 _aRTL
_cRTL
_beng
041 _2eng
_aeng
082 _aX512, L7
100 _aSpohn Robert F
_9339699
245 0 _aRetailing
260 _aVerginia
_bPrentice-Hall Co.
_c1977
300 _ax, 405p. Glossary p 389-96
_ccm.
650 _aRetail
_9233455
700 _a Allen Robert Y
_9339700
942 _hX512, L7
_cGB
_2CC
999 _c658240
_d658240